Les Empereurs Khmers depuis Jayavarman II - Statistiques

Statistiques générales
  • Ce quiz a été pris 10 fois
  • Le résultat moyen est 12 sur 27
Statistiques - réponses
Dates de règnes Souverain % Correct
802-850 Jayavarman II
100%
877-889 Indravarman I
78%
1220-1243 Indravarman II
78%
854-877 Jayavarman III
78%
928-941 Jayavarman IV
78%
968-1001 Jayavarman V
78%
1080-1106? Jayavarman VI
78%
1181-1220? Jayavarman VII
78%
1243-1295 Jayavarman VIII
78%
1295-1308 Indravarman III
67%
944-968 Rājendravarman II
56%
1327-1336 Jayavarman IX
44%
1001-1050 Sūryavarman I
44%
1113-1150 Sūryavarman II
44%
1066-1080? Harshavarman III
33%
1001-1002? Udayādityavarman I
33%
1050-1066 Udayādityavarman II
33%
1107-1113 Dharanindravarman I
22%
1308-1327 Indrajayavarman
22%
889-912 Yaśovarman I
22%
1150-1160 Dharanindravarman II
11%
941-944 Harṣavarman II
11%
1165-1177 Tribhuvanadityavarman
11%
1160-1165/6 Yaçovarman II
11%
912-923 Harshavarman Ier
0%
923-928 Isanavarman II
0%
1002-1011? Jayaviravarman
0%
Aucun quiz correspondant
Distribution des résultats
% des personnes avec chaque résultat
Percentile par nombre de réponses
Votre historique - résultats
Vous n’avez pas pris ce quiz